[Event "BL 8182 Bayern-SKJE"]
[Site "?"]
[Date "1982.??.??"]
[Round "?.3"]
[White "Fehrig, A."]
[Black "Klundt, K."]
[Result "0-1"]
[WhiteElo "2215"]
[BlackElo "2395"]
[PlyCount "78"]
[EventDate "1982.??.??"]

1. e4 c5 2. Nf3 Nc6 3. d4 cxd4 4. Nxd4 g6 5. Nxc6 bxc6 6. Qd4 Nf6 7. e5 Nd5 8.
Bc4 Bg7 9. O-O d6 10. Bxd5 cxd5 11. Qxd5 Be6 12. Qc6+ Bd7 13. Qb7 Bxe5 14. c3
O-O 15. Nd2 Qc8 16. Qxc8 Rfxc8 17. Nf3 Bg7 18. Re1 Kf8 19. Bg5 f6 20. Be3 a5
21. Rac1 a4 22. Nd4 Rab8 23. Re2 e5 24. Nf3 Be6 25. a3 Kf7 26. Rce1 Bc4 27. Rc2
Rc6 28. Bc1 Rbc8 29. Be3 h6 30. Ra1 f5 31. Ne1 f4 32. Bd2 g5 33. Rcc1 Rb6 34.
Rc2 d5 35. Bc1 Rbc6 36. f3 e4 37. Rd2 e3 38. Rd1 Bb3 39. Rd3 d4 0-1

[Event "BL 8182 Bamberg-HSK"]
[Site "?"]
[Date "1982.??.??"]
[Round "?.1"]
[White "Cordes, H."]
[Black "Pfleger, He"]
[Result "0-1"]
[WhiteElo "2280"]
[BlackElo "2500"]
[PlyCount "62"]
[EventDate "1982.??.??"]

1. d4 Nf6 2. Nf3 d5 3. Bf4 e6 4. e3 Be7 5. Bd3 c5 6. c3 Nc6 7. Nbd2 O-O 8. Ne5
Nd7 9. Qh5 f5 10. Nxd7 Bxd7 11. g4 g6 12. Qh6 cxd4 13. exd4 Bf6 14. gxf5 exf5
15. O-O-O Bg7 16. Qg5 Qxg5 17. Bxg5 Rac8 18. Kb1 f4 19. Rde1 Bxd4 20. cxd4 Nb4
21. Re7 Bh3 22. Bh6 Nxd3 23. Bxf8 Bf5 24. Ka1 Kxf8 25. Rxb7 Rc2 26. Nb1 Rxf2
27. b4 f3 28. Nc3 Rg2 29. Rf1 f2 30. Nxd5 Rg1 31. Ne3 Bh3 0-1

[Event "BL 8182 Bamberg-HSK"]
[Site "?"]
[Date "1982.??.??"]
[Round "?.2"]
[White "Hartmann, Wo"]
[Black "Gruenberg, Ra"]
[Result "1-0"]
[WhiteElo "2275"]
[BlackElo "2300"]
[PlyCount "95"]
[EventDate "1982.??.??"]

1. e4 c5 2. Nf3 Nc6 3. d4 cxd4 4. Nxd4 Nf6 5. Nc3 e6 6. Ndb5 Bb4 7. a3 Bxc3+ 8.
Nxc3 d5 9. exd5 exd5 10. Bd3 d4 11. Ne2 Bf5 12. O-O Bxd3 13. Qxd3 Qd5 14. b4
O-O 15. Bb2 Rac8 16. Nxd4 Ne5 17. Qh3 Ng6 18. Qb3 Qxb3 19. cxb3 Nd5 20. Rac1
Ngf4 21. Rxc8 Rxc8 22. Rd1 Ne6 23. g3 Rd8 24. Nf5 Kf8 25. Bxg7+ Nxg7 26. Ne3
Ne6 27. Rxd5 Rxd5 28. Nxd5 Nd4 29. f4 Nxb3 30. Kf2 Nd4 31. a4 Kg7 32. Ke3 Ne6
33. f5 Nf8 34. Kd4 Nd7 35. a5 Kh6 36. Ne3 Nf6 37. Ke5 Ne8 38. Nc4 Kg5 39. Nd6
f6+ 40. Ke6 Nc7+ 41. Kd7 Na6 42. b5 Nc5+ 43. Kc7 h5 44. Nxb7 Nb3 45. a6 Nd4 46.
Nd6 h4 47. gxh4+ Kxh4 48. b6 1-0

[Event "BL 8182 Bamberg-HSK"]
[Site "?"]
[Date "1982.??.??"]
[Round "?.3"]
[White "Jacoby, G."]
[Black "Kestler, H."]
[Result "1/2-1/2"]
[WhiteElo "2270"]
[BlackElo "2405"]
[PlyCount "123"]
[EventDate "1982.??.??"]

1. d4 Nf6 2. Nf3 g6 3. Bg5 Bg7 4. Nbd2 O-O 5. e4 d6 6. Be2 Nc6 7. O-O e5 8.
dxe5 dxe5 9. c3 Qe7 10. Qc2 h6 11. Bh4 Bg4 12. Nc4 Bxf3 13. Bxf3 Qc5 14. Be2 a5
15. a4 Nh5 16. Ne3 Bf6 17. Bxf6 Nxf6 18. Rad1 Rad8 19. Bc4 b6 20. Rxd8 Rxd8 21.
Rd1 Rxd1+ 22. Qxd1 Kg7 23. Qd3 Nb8 24. Bb3 Nbd7 25. Kf1 Qc6 26. Bc2 Nc5 27. Qc4
Nfxe4 28. Qd5 Qxd5 29. Nxd5 Nd2+ 30. Ke2 Nc4 31. b3 Na3 32. Bd1 Nb1 33. Bc2 Na3
34. Bd1 b5 35. Nxc7 bxa4 36. b4 axb4 37. cxb4 Nb3 38. Kd3 Nb1 39. Bxb3 axb3 40.
b5 e4+ 41. Kc4 Nd2+ 42. Kc3 Nc4 43. Kxb3 Nb6 44. Kb4 Kf6 45. Kc5 Na4+ 46. Kb4
Nb6 47. Kc5 Na4+ 48. Kd4 Ke7 49. Kxe4 Kd6 50. Nd5 Nc5+ 51. Kd4 Nb3+ 52. Kc4
Nd2+ 53. Kd3 Kxd5 54. Kxd2 Kc5 55. Kd3 Kxb5 56. Kd4 Kc6 57. Ke5 Kd7 58. Kf6 Ke8
59. g4 Kf8 60. h4 Kg8 61. h5 g5 62. Kf5 1/2-1/2

[Event "BL 8182 Bamberg-HSK"]
[Site "?"]
[Date "1982.??.??"]
[Round "?.4"]
[White "Treppner, G."]
[Black "Pokern, N."]
[Result "1/2-1/2"]
[WhiteElo "2255"]
[BlackElo "2240"]
[PlyCount "30"]
[EventDate "1982.??.??"]

1. g3 d5 2. Bg2 Nf6 3. d3 e5 4. Nf3 Bd6 5. O-O O-O 6. c4 c6 7. cxd5 cxd5 8. Nc3
Nc6 9. Bg5 Be6 10. e4 dxe4 11. dxe4 Be7 12. Qa4 Qb8 13. h3 a6 14. Bxf6 Bxf6 15.
Nd5 Bxd5 1/2-1/2

[Event "BL 8182 SKJE-Bamberg"]
[Site "?"]
[Date "1982.??.??"]
[Round "?.1"]
[White "Pfleger, He"]
[Black "Stein, B."]
[Result "1/2-1/2"]
[WhiteElo "2500"]
[BlackElo "2295"]
[PlyCount "26"]
[EventDate "1982.??.??"]

1. c4 Nf6 2. Nf3 c6 3. d3 d6 4. g3 e5 5. Bg2 Be7 6. O-O O-O 7. Nc3 Nbd7 8. Rb1
Re8 9. b4 Bf8 10. Nd2 Nb6 11. a4 a5 12. bxa5 Rxa5 13. Nb3 Nxa4 1/2-1/2

[Event "BL 8182 SKJE-Bamberg"]
[Site "?"]
[Date "1982.??.??"]
[Round "?.3"]
[White "Kestler, H."]
[Black "Fehrig, A."]
[Result "1-0"]
[WhiteElo "2405"]
[BlackElo "2215"]
[PlyCount "87"]
[EventDate "1982.??.??"]

1. c4 Nf6 2. Nf3 d6 3. g3 c6 4. Bg2 e5 5. O-O Be7 6. Nc3 O-O 7. d4 Nbd7 8. Qc2
a6 9. Rd1 Qc7 10. Be3 b6 11. Rac1 Bb7 12. Nh4 g6 13. Bg5 Rfe8 14. h3 Bf8 15.
Be3 Rac8 16. Qd2 Qb8 17. d5 c5 18. a4 Nh5 19. Bh6 Be7 20. Nf3 Ng7 21. e4 Nf6
22. Ng5 Nfh5 23. Kh2 Bf8 24. Bf3 Rcd8 25. Be2 Bc8 26. Nf3 Kh8 27. Ne1 Nf6 28.
Nd3 Bd7 29. Bg5 Be7 30. Qe3 Ng8 31. Bxe7 Rxe7 32. b4 f5 33. Rb1 Qc8 34. bxc5
bxc5 35. Rb6 Be8 36. Rdb1 Nf6 37. f3 Ra7 38. Nxe5 fxe4 39. fxe4 Nxe4 40. Qxe4
dxe5 41. Qxe5 Rf7 42. Bg4 Bd7 43. Rb8 Bxg4 44. hxg4 1-0

[Event "BL 8182 HSK-Bayern"]
[Site "?"]
[Date "1982.??.??"]
[Round "?.1"]
[White "Westermeier, A."]
[Black "Cordes, H."]
[Result "1/2-1/2"]
[WhiteElo "2320"]
[BlackElo "2280"]
[PlyCount "105"]
[EventDate "1982.??.??"]

1. e4 d5 2. exd5 Qxd5 3. Nc3 Qa5 4. d4 Nf6 5. Bc4 Bf5 6. Nf3 e6 7. O-O c6 8.
Ne5 Be7 9. Bb3 O-O 10. Bf4 Rd8 11. Nc4 Qa6 12. Ne3 Bg6 13. a4 Qa5 14. Be5 Nbd7
15. Nc4 Qa6 16. Bc7 Rdc8 17. Bg3 Nb6 18. Ne5 Qa5 19. Nxg6 hxg6 20. Qe2 Rd8 21.
Rad1 Bb4 22. Ne4 Qf5 23. Nxf6+ gxf6 24. Rd3 Kg7 25. Bh4 Be7 26. Re1 Nd5 27.
Bxd5 Qxd5 28. Bg3 Rd7 29. b3 Rad8 30. h3 Qf5 31. Red1 Qa5 32. Bf4 Qb4 33. Bd2
Qb6 34. Be3 Qa5 35. Qf3 Bd6 36. Bd2 Qb6 37. Be3 Qc7 38. Kf1 Rh8 39. c4 Rhd8 40.
h4 Qa5 41. d5 cxd5 42. cxd5 Be5 43. h5 Rxd5 44. Rxd5 Rxd5 45. Rxd5 exd5 46.
hxg6 fxg6 47. Qh3 Qa6+ 48. Kg1 Qc6 49. Qh6+ Kf7 50. Qh7+ Ke6 51. Qxg6 d4 52.
Bd2 b5 53. Qg8+ 1/2-1/2

[Event "BL 8182 HSK-Bayern"]
[Site "?"]
[Date "1982.??.??"]
[Round "?.2"]
[White "Gruenberg, Ra"]
[Black "Saacke, B."]
[Result "1/2-1/2"]
[WhiteElo "2300"]
[BlackElo "2395"]
[PlyCount "47"]
[EventDate "1982.??.??"]

1. c4 e6 2. Nc3 d5 3. d4 Nf6 4. Bf4 c5 5. cxd5 Nxd5 6. Nxd5 Qxd5 7. dxc5 Qxd1+
8. Rxd1 Bxc5 9. g3 Bd7 10. Bg2 Bc6 11. Nf3 f6 12. O-O e5 13. Bd2 a6 14. Ba5 O-O
15. Rc1 Be7 16. Rfd1 Re8 17. Bb6 a5 18. Bh3 Bf8 19. Ne1 a4 20. Nc2 Ra6 21. Bc7
Ra8 22. Ne3 a3 23. b3 Na6 24. Bb6 1/2-1/2

[Event "BL 8182 HSK-Bayern"]
[Site "?"]
[Date "1982.??.??"]
[Round "?.3"]
[White "Klundt, K."]
[Black "Jacoby, G."]
[Result "0-1"]
[WhiteElo "2395"]
[BlackElo "2270"]
[PlyCount "66"]
[EventDate "1982.??.??"]

1. e4 c5 2. Nf3 d6 3. d4 cxd4 4. Nxd4 Nf6 5. Nc3 a6 6. Be2 e5 7. Nb3 Be7 8. O-O
O-O 9. Kh1 b5 10. f4 Bb7 11. Bf3 Nbd7 12. Be3 Rc8 13. Rf2 Nb6 14. fxe5 dxe5 15.
Qxd8 Bxd8 16. Bc5 Re8 17. a4 Bc6 18. axb5 axb5 19. Be2 Na4 20. Nxa4 bxa4 21.
Nd2 Bxe4 22. Rxf6 Bxc2 23. Rxf7 Rxc5 24. Rd7 Bf6 25. Rc1 e4 26. Bc4+ Rxc4 27.
Nxc4 Bb3 28. Nd6 Bxb2 29. Rcc7 Rf8 30. g4 a3 31. Ra7 e3 32. Re7 Bd5+ 33. Kg1 e2
0-1

[Event "BL 8182 HSK-Bayern"]
[Site "?"]
[Date "1982.??.??"]
[Round "?.4"]
[White "Pokern, N."]
[Black "Kindermann, S."]
[Result "0-1"]
[WhiteElo "2240"]
[BlackElo "2425"]
[PlyCount "48"]
[EventDate "1982.??.??"]

1. d4 Nf6 2. Nf3 e6 3. b3 c5 4. e3 d5 5. Bd3 Nc6 6. O-O Bd6 7. Bb2 O-O 8. Nbd2
Nb4 9. Be2 Ne4 10. a3 Nc6 11. dxc5 Bxc5 12. c4 f5 13. b4 Bb6 14. cxd5 exd5 15.
Nxe4 fxe4 16. Nd4 Qg5 17. Nxc6 bxc6 18. Kh1 Bc7 19. g3 Bh3 20. f4 exf3 21. Rxf3
Bf5 22. Bd3 Bxd3 23. Rxf8+ Rxf8 24. Qxd3 Rf2 0-1

[Event "BL 8182 HSK-Bayern"]
[Site "?"]
[Date "1982.??.??"]
[Round "?.5"]
[White "Bischoff, K."]
[Black "Zieher, H."]
[Result "1-0"]
[WhiteElo "2365"]
[BlackElo "2280"]
[PlyCount "51"]
[EventDate "1982.??.??"]

1. c4 c5 2. Nc3 g6 3. g3 Bg7 4. Bg2 Nc6 5. a3 e6 6. Rb1 a5 7. e4 Nge7 8. Nge2
O-O 9. d3 d6 10. O-O h6 11. Be3 e5 12. Qd2 Kh7 13. f4 Rb8 14. f5 Ng8 15. Nd5 b5
16. b4 axb4 17. axb4 cxb4 18. Nxb4 Qd7 19. Nxc6 Qxc6 20. Rfc1 Qa6 21. Nc3 Bd7
22. Ra1 Qc8 23. Nxb5 Bxb5 24. cxb5 Qd7 25. b6 Nf6 26. fxg6+ 1-0

[Event "BL 8182 HSK-Bayern"]
[Site "?"]
[Date "1982.??.??"]
[Round "?.6"]
[White "Fette, M."]
[Black "Schubert, C."]
[Result "1/2-1/2"]
[WhiteElo "2235"]
[BlackElo "2270"]
[PlyCount "116"]
[EventDate "1982.??.??"]

1. e4 c5 2. c3 d6 3. d4 Nf6 4. Bd3 e5 5. Ne2 Be7 6. O-O O-O 7. Na3 cxd4 8. cxd4
Nc6 9. d5 Nb4 10. Bb1 Bd7 11. Nc4 Na6 12. Nc3 Qc7 13. Ne3 g6 14. Bd2 Ne8 15.
Qe2 Ng7 16. Bd3 f5 17. f3 Nc5 18. Bb5 Bc8 19. b4 Na6 20. a3 Nb8 21. Rfc1 Qd8
22. Rc2 Nh5 23. Rac1 a6 24. Na4 Nd7 25. Bd3 Nf4 26. Qf1 fxe4 27. Bxe4 Nf6 28.
Nc3 Bd7 29. Nc4 Nxe4 30. Nxe4 Nxd5 31. Kh1 Bb5 32. Bh6 Rf7 33. Qd1 Bxc4 34.
Rxc4 Nb6 35. Rc7 d5 36. Nf2 Bf8 37. Rxf7 Kxf7 38. Bxf8 Kxf8 39. Ng4 Rc8 40.
Nxe5 Rxc1 41. Qxc1 Qd6 42. Qf4+ Kg8 43. Qf7+ Kh8 44. Ng4 Nd7 45. Nh6 Qf8 46.
Qxd7 Qxh6 47. Qe8+ Kg7 48. Qe5+ Kf8 49. f4 Qh4 50. Qb8+ Kg7 51. Qxb7+ Kh6 52.
g3 Qh5 53. g4 Qxg4 54. Qxd5 Qxf4 55. Qd3 Qc1+ 56. Kg2 Qc6+ 57. Kf2 Kg7 58. h3
g5 1/2-1/2

[Event "BL 8182 Zähringen-Kettig"]
[Site "?"]
[Date "1982.??.??"]
[Round "?.1"]
[White "Weidemann, J."]
[Black "Siegel, G."]
[Result "1-0"]
[WhiteElo "2285"]
[BlackElo "2300"]
[PlyCount "143"]
[EventDate "1982.??.??"]

1. e4 c5 2. Nf3 d6 3. d4 cxd4 4. Qxd4 Nc6 5. Bb5 Bd7 6. Bxc6 Bxc6 7. Nc3 e6 8.
Bg5 Nf6 9. O-O-O Be7 10. Rhe1 O-O 11. Qd2 b5 12. Nd4 Qb6 13. f3 b4 14. Nce2 a5
15. Nxc6 Qxc6 16. Nd4 Qc4 17. Kb1 Rfc8 18. Qd3 Qc5 19. Be3 Qc7 20. Nb5 Qb8 21.
Bf4 Rd8 22. Nxd6 Ne8 23. e5 Nc7 24. Qc4 Nd5 25. Rxd5 exd5 26. Qxd5 Bxd6 27.
exd6 Qa7 28. Bg5 Rd7 29. Qe5 h6 30. Be3 Qb8 31. Bd4 Qf8 32. Bc5 Rc8 33. Qf5 Re8
34. Re5 Rxe5 35. Qxe5 Qb8 36. b3 Qb5 37. Kb2 Rd8 38. Qe7 Re8 39. Qa7 Re2 40.
Qa8+ Kh7 41. Qd5 Re8 42. Qxf7 Qxc5 43. Qxe8 Qxd6 44. Qe4+ Kh8 45. f4 Qd2 46. h4
Qc3+ 47. Kb1 Qg3 48. f5 Qf2 49. Kb2 Qd2 50. g4 Qc3+ 51. Kb1 Qg3 52. h5 Qc3 53.
Kc1 Qa1+ 54. Kd2 Qc3+ 55. Ke2 Qb2 56. Kf3 Qc3+ 57. Qd3 Qe5 58. Qe3 Qb2 59. Qe8+
Kh7 60. Qc6 Qa1 61. Qc4 Qd1+ 62. Kf4 Qe1 63. Qe4 Qf2+ 64. Ke5 Qc5+ 65. Ke6 Qb6+
66. Kd7 Qb5+ 67. Qc6 Qf1 68. Kc7 Qf4+ 69. Kb6 Qe5 70. Qe6 Qd4+ 71. Kb5 Qb2 72.
Qe4 1-0

[Event "BL 8182 Zähringen-Kettig"]
[Site "?"]
[Date "1982.??.??"]
[Round "?.2"]
[White "Herbrechtsmeier, C."]
[Black "Marian, R."]
[Result "1/2-1/2"]
[WhiteElo "2330"]
[BlackElo "2250"]
[PlyCount "120"]
[EventDate "1982.??.??"]

1. e4 c5 2. Nf3 a6 3. c3 Nf6 4. Bd3 d5 5. e5 Ng8 6. Qa4+ Nc6 7. Qf4 g6 8. O-O
Bh6 9. Qh4 Bg7 10. Re1 Nh6 11. Bc2 Nf5 12. Bxf5 Bxf5 13. d4 cxd4 14. Nxd4 Nxd4
15. Qxd4 O-O 16. Bg5 h6 17. Bf4 Rc8 18. Nd2 Qd7 19. Nb3 Qb5 20. Qd2 g5 21. Bg3
Bg6 22. h4 Qd3 23. Rad1 Qxd2 24. Rxd2 e6 25. hxg5 hxg5 26. f3 Rc4 27. Bf2 Rfc8
28. g4 Bf8 29. Kg2 b5 30. a3 Be7 31. Be3 Bd8 32. Nd4 Rb8 33. Ne2 a5 34. Ng1 b4
35. axb4 axb4 36. cxb4 Rcxb4 37. Ree2 Rb3 38. Bd4 Ba5 39. Rd1 Rd3 40. Rxd3 Bxd3
41. Re3 Bc4 42. Ra3 Bb6 43. Bxb6 Rxb6 44. Nh3 Rxb2+ 45. Kg3 Re2 46. Nxg5 Rxe5
47. Kf4 f6 48. Ra8+ Kg7 49. Ra7+ Kg8 50. Nh7 Re1 51. Nxf6+ Kf8 52. Kg5 Re5+ 53.
Kf4 Re1 54. g5 Bd3 55. Nd7+ Kg8 56. Nf6+ Kf8 57. Nd7+ Kg8 58. Ne5 Bf5 59. Nc6
Bd3 60. g6 Bxg6 1/2-1/2

[Event "BL 8182 Zähringen-Kettig"]
[Site "?"]
[Date "1982.??.??"]
[Round "?.4"]
[White "Schuh, H."]
[Black "Holfelder, J."]
[Result "1/2-1/2"]
[WhiteElo "2275"]
[BlackElo "2235"]
[PlyCount "80"]
[EventDate "1982.??.??"]

1. d4 Nf6 2. c4 c5 3. Nf3 cxd4 4. Nxd4 g6 5. g3 Bg7 6. Bg2 O-O 7. Nc3 Nc6 8.
Nc2 d6 9. O-O Qa5 10. Qd2 Qh5 11. Qg5 Qxg5 12. Bxg5 h6 13. Bd2 Bd7 14. Rac1
Rfc8 15. Rfd1 Rab8 16. h3 Kf8 17. g4 a6 18. Bf4 b5 19. c5 b4 20. Na4 e5 21. g5
hxg5 22. Bxg5 Nd4 23. Bxf6 Bxa4 24. Bxg7+ Kxg7 25. Nxd4 Bxd1 26. Nc6 Rxc6 27.
Bxc6 Bxe2 28. cxd6 Rd8 29. d7 Kf6 30. Ba4 Bd3 31. Kh2 Ke7 32. Kg3 f6 33. f4
exf4+ 34. Kxf4 Bf5 35. Re1+ Kd6 36. h4 Bxd7 37. Rd1+ Ke7 38. Bb3 Bc8 39. Rxd8
Kxd8 40. Bf7 g5+ 1/2-1/2

[Event "BL 8182 Zähringen-Kettig"]
[Site "?"]
[Date "1982.??.??"]
[Round "?.7"]
[White "Sandmeier, T."]
[Black "Kiefer, G."]
[Result "1/2-1/2"]
[WhiteElo "2250"]
[BlackElo "2230"]
[PlyCount "102"]
[EventDate "1982.??.??"]

1. c4 Nf6 2. g3 c5 3. Bg2 Nc6 4. Nc3 e6 5. Nf3 d5 6. O-O d4 7. Na4 e5 8. d3 h6
9. e3 Be7 10. a3 O-O 11. Rb1 a5 12. exd4 exd4 13. Re1 Bd6 14. Qb3 Ra6 15. Qb5
Na7 16. Qb3 Qc7 17. Nd2 Kh8 18. Ne4 Nxe4 19. Bxe4 f5 20. Bg2 f4 21. Qd1 f3 22.
Bf1 Be5 23. b4 axb4 24. axb4 cxb4 25. Rxb4 Rg6 26. Rxe5 Qxe5 27. Bb2 Re6 28.
Ba3 Qe1 29. Rb1 Rfe8 30. Bb4 Qxd1 31. Rxd1 Nc6 32. Bd2 Re5 33. Nb6 Bf5 34. h3
Na5 35. Nd5 Nb3 36. Bb4 Be6 37. Nf4 Bf7 38. g4 g5 39. Nd5 Bxd5 40. cxd5 Rxd5
41. Rb1 Nc5 42. Kh2 b6 43. Kg3 Rf8 44. Re1 Rf6 45. Re7 Kg8 46. h4 Kh8 47. Bd2
Re6 48. Rc7 Rf6 49. Re7 Kg8 50. Bb4 Kh8 51. Bd2 Kg8 1/2-1/2

[Event "BL 8182 Frankfurt-Zähringen"]
[Site "?"]
[Date "1982.??.??"]
[Round "?.1"]
[White "Siegel, G."]
[Black "Sosonko, G."]
[Result "0-1"]
[WhiteElo "2300"]
[BlackElo "2585"]
[PlyCount "62"]
[EventDate "1982.??.??"]

1. Nf3 c5 2. g3 Nc6 3. Bg2 e5 4. d3 d5 5. O-O Nf6 6. e4 Be7 7. Nc3 dxe4 8. Nxe4
O-O 9. Nxf6+ Bxf6 10. Nd2 Be6 11. Ne4 Be7 12. Be3 Qb6 13. f4 exf4 14. gxf4 f5
15. Nc3 Rad8 16. Na4 Qa5 17. b3 Bd5 18. Bxd5+ Rxd5 19. Qf3 Rd7 20. Rae1 Nb4 21.
Qg2 Qc7 22. Nc3 Bf6 23. Nb5 Qb6 24. a4 Nd5 25. Kh1 Nxe3 26. Rxe3 c4 27. Rfe1
cxb3 28. cxb3 a6 29. Re6 Qc5 30. d4 Qb4 31. Na7 Qxd4 0-1

[Event "BL 8182 Frankfurt-Zähringen"]
[Site "?"]
[Date "1982.??.??"]
[Round "?.2"]
[White "Lobron, E."]
[Black "Herbrechtsmeier, C."]
[Result "1-0"]
[WhiteElo "2395"]
[BlackElo "2330"]
[PlyCount "65"]
[EventDate "1982.??.??"]

1. e4 e5 2. Nf3 Nc6 3. Bb5 a6 4. Ba4 Nf6 5. O-O Be7 6. Re1 b5 7. Bb3 O-O 8. d4
d6 9. c3 Bg4 10. d5 Na5 11. Bc2 c5 12. h3 Bd7 13. Nxe5 dxe5 14. d6 Nc4 15. dxe7
Qxe7 16. Qf3 h6 17. b3 Nd6 18. Be3 Rac8 19. Nd2 Kh8 20. Nf1 Nh7 21. Rad1 Rc6
22. Rd5 Nb7 23. Red1 Bc8 24. Ng3 f6 25. Nf5 Qc7 26. Qh5 Qf7 27. Qxf7 Rxf7 28.
Nd6 Nxd6 29. Rxd6 Rcc7 30. R1d5 c4 31. bxc4 Ng5 32. c5 Bb7 33. h4 1-0

[Event "BL 8182 Frankfurt-Zähringen"]
[Site "?"]
[Date "1982.??.??"]
[Round "?.3"]
[White "Vatter, H."]
[Black "Podzielny, K."]
[Result "1/2-1/2"]
[WhiteElo "2230"]
[BlackElo "2405"]
[PlyCount "115"]
[EventDate "1982.??.??"]

1. d4 Nf6 2. Nc3 c5 3. d5 e5 4. e4 d6 5. Bb5+ Nbd7 6. a4 Be7 7. Nf3 O-O 8. O-O
a6 9. Bd3 b6 10. Nd2 Ne8 11. Nc4 Bg5 12. g3 Bxc1 13. Qxc1 Rb8 14. f4 exf4 15.
gxf4 b5 16. axb5 axb5 17. Na5 c4 18. Be2 Bb7 19. Qe3 b4 20. Nb5 Nc5 21. Nd4 Qf6
22. Bf3 Nc7 23. Nxb7 Rxb7 24. e5 Qh6 25. Nc6 b3 26. c3 Nd3 27. Be4 dxe5 28.
Bxd3 cxd3 29. Qxe5 Re8 30. Qf5 d2 31. c4 Qd6 32. Qd3 Rb6 33. Ne5 f6 34. Nf3
Qxf4 35. Nxd2 Qg4+ 36. Qg3 Qd4+ 37. Qf2 Qg4+ 38. Qg3 Qd4+ 39. Qf2 Qg4+ 40. Qg2
Qd4+ 41. Kh1 Na6 42. Qf2 Qxf2 43. Rxf2 Nc5 44. Ra5 Nd3 45. Rf3 Re1+ 46. Rf1 Re2
47. Nf3 Rc2 48. Ng5 Rb8 49. Ne6 Rxc4 50. Ra7 Nxb2 51. Rxg7+ Kh8 52. d6 Nd3 53.
d7 Nc5 54. d8=Q+ Rxd8 55. Rc7 Ra8 56. Rxc5 Rxc5 57. Nxc5 b2 58. Nb3 1/2-1/2

[Event "BL 8182 Frankfurt-Zähringen"]
[Site "?"]
[Date "1982.??.??"]
[Round "?.4"]
[White "Werner, D."]
[Black "Schuh, H."]
[Result "1/2-1/2"]
[WhiteElo "2355"]
[BlackElo "2275"]
[PlyCount "36"]
[EventDate "1982.??.??"]

1. d4 d5 2. c4 e6 3. Nc3 Nf6 4. Nf3 Nbd7 5. cxd5 exd5 6. Bf4 Bd6 7. Bxd6 cxd6
8. e3 O-O 9. Bd3 Nb6 10. O-O Bg4 11. h3 Bh5 12. Ne2 Bg6 13. Bxg6 hxg6 14. Qb3
Qd7 15. Nc3 Rfc8 16. a4 Rc6 17. Rfc1 Rac8 18. Nd2 Nc4 1/2-1/2

[Event "BL 8182 Frankfurt-Zähringen"]
[Site "?"]
[Date "1982.??.??"]
[Round "?.5"]
[White "Raupp, T."]
[Black "Haakert, J."]
[Result "1/2-1/2"]
[WhiteElo "2230"]
[BlackElo "2305"]
[PlyCount "69"]
[EventDate "1982.??.??"]

1. c4 g6 2. d4 Nf6 3. g3 Bg7 4. Bg2 O-O 5. Nc3 d6 6. Nf3 Nbd7 7. O-O e5 8. e4
c6 9. Qc2 Qc7 10. Rd1 b5 11. Ne2 a6 12. h3 Re8 13. c5 d5 14. Nxe5 Nxe4 15. Nd3
Nf8 16. Bf4 Qb7 17. f3 Nf6 18. g4 h5 19. Qd2 Ne6 20. Be5 a5 21. Nf2 Kh7 22. f4
Qe7 23. Bf3 hxg4 24. hxg4 Ne4 25. Nxe4 dxe4 26. Bxe4 Qh4 27. Bxc6 Qxg4+ 28. Kf2
Bxe5 29. dxe5 Qh4+ 30. Ng3 Nxf4 31. Bxe8 Nh3+ 32. Kg2 Nf4+ 33. Kf2 Nh3+ 34. Kg2
Nf4+ 35. Kf2 1/2-1/2

[Event "BL 8182 Frankfurt-Zähringen"]
[Site "?"]
[Date "1982.??.??"]
[Round "?.6"]
[White "Bialas, W."]
[Black "Bassler, M."]
[Result "0-1"]
[WhiteElo "2340"]
[BlackElo "2235"]
[PlyCount "66"]
[EventDate "1982.??.??"]

1. Nf3 f5 2. d4 Nf6 3. b3 d6 4. Bb2 e6 5. e3 Be7 6. Bd3 O-O 7. O-O Nc6 8. c4 a5
9. a3 Qe8 10. Qc2 Qh5 11. Be2 Qh6 12. Rd1 Bd7 13. Nc3 Nd8 14. b4 Nf7 15. c5 g5
16. d5 e5 17. Nb5 g4 18. Nd2 Bxb5 19. Bxb5 Ng5 20. Nf1 Nfe4 21. Bc4 Rf7 22. c6
b6 23. bxa5 Rxa5 24. a4 f4 25. exf4 Rxf4 26. Ne3 Rxf2 27. Nxg4 Qxh2+ 28. Kxh2
Rxc2 29. Bd3 Rxb2 30. Rf1 Ra8 31. Rae1 Nd2 32. Nh6+ Kh8 33. Nf7+ Kg7 0-1

[Event "BL 8182 Frankfurt-Zähringen"]
[Site "?"]
[Date "1982.??.??"]
[Round "?.7"]
[White "Kiefer, G."]
[Black "Fahnenschmidt, G."]
[Result "0-1"]
[WhiteElo "2230"]
[BlackElo "2325"]
[PlyCount "68"]
[EventDate "1982.??.??"]

1. e4 c5 2. Nf3 e6 3. d4 cxd4 4. Nxd4 Nf6 5. Nc3 d6 6. f4 a6 7. Bd3 b5 8. O-O
Bb7 9. a3 Be7 10. Nf3 Nbd7 11. Qe1 Nc5 12. e5 Nxd3 13. cxd3 Nd5 14. Ne4 O-O 15.
Qg3 Kh8 16. Qh3 Rc8 17. f5 exf5 18. Nfg5 Bxg5 19. Nxg5 h6 20. Rxf5 Kg8 21. Ne4
dxe5 22. Qg3 Nf4 23. Bxf4 exf4 24. Rxf4 Rc2 25. Rg4 Qd4+ 26. Nf2 Qxb2 27. Rd1
Bc8 28. Rh4 Rc1 29. h3 Rxd1+ 30. Nxd1 Qxa3 31. Kh2 Rd8 32. Re4 Bf5 33. Re5 Qxd3
34. Ne3 Be6 0-1

[Event "BL 8182 Erlangen-Solingen"]
[Site "?"]
[Date "1982.??.??"]
[Round "?.1"]
[White "Hecht, H."]
[Black "Feustel, B."]
[Result "1/2-1/2"]
[WhiteElo "2460"]
[BlackElo "2375"]
[PlyCount "30"]
[EventDate "1982.??.??"]

1. e4 g6 2. d4 Bg7 3. Nc3 d6 4. Be3 Nd7 5. Qd2 a6 6. a4 b6 7. f4 Ngf6 8. Nf3
Bb7 9. e5 Ng4 10. Bc4 e6 11. O-O O-O 12. h3 Bxf3 13. Rxf3 Nxe3 14. Qxe3 d5 15.
Bf1 c5 1/2-1/2

[Event "BL 8182 Erlangen-Solingen"]
[Site "?"]
[Date "1982.??.??"]
[Round "?.2"]
[White "Heidrich, M."]
[Black "Lau, R."]
[Result "1/2-1/2"]
[WhiteElo "2225"]
[BlackElo "2405"]
[PlyCount "95"]
[EventDate "1982.??.??"]

1. e4 c5 2. Nf3 d6 3. Bb5+ Nd7 4. d4 Ngf6 5. Nc3 cxd4 6. Qxd4 e5 7. Qd3 h6 8.
Nd2 Be7 9. Nc4 O-O 10. Bxd7 Bxd7 11. Ne3 Be6 12. O-O Rc8 13. Bd2 Qb6 14. Rab1
Qd4 15. Rfd1 Qxd3 16. cxd3 Rfd8 17. Rbc1 Kf8 18. Kf1 Rc6 19. Ncd5 Rdc8 20. Rc3
Nxd5 21. Nxd5 Bd8 22. Rdc1 Ke8 23. Ke2 Kd7 24. a3 Bg5 25. Be3 f5 26. f3 Bxe3
27. Kxe3 f4+ 28. Kd2 Rf8 29. Nb4 Rxc3 30. Rxc3 g5 31. Nd5 Bxd5 32. exd5 g4 33.
fxg4 Rg8 34. Ke2 Rxg4 35. Kf3 Rh4 36. Rb3 b6 37. h3 Rh5 38. Rc3 Rg5 39. b4 Rg3+
40. Kf2 e4 41. Rc4 e3+ 42. Kf1 f3 43. gxf3 Rxf3+ 44. Ke2 Rxh3 45. Rg4 Ke7 46.
Rg6 h5 47. Re6+ Kd7 48. Rh6 1/2-1/2

[Event "BL 8182 Erlangen-Solingen"]
[Site "?"]
[Date "1982.??.??"]
[Round "?.3"]
[White "Dueball, J."]
[Black "Roeder, F."]
[Result "1/2-1/2"]
[WhiteElo "2455"]
[BlackElo "2275"]
[PlyCount "43"]
[EventDate "1982.??.??"]

1. e4 c5 2. Nf3 Nc6 3. d4 cxd4 4. Nxd4 Nf6 5. Nc3 e5 6. Ndb5 d6 7. Bg5 a6 8.
Na3 Be7 9. Nc4 O-O 10. Bxf6 Bxf6 11. Qxd6 Qxd6 12. Nxd6 Be6 13. O-O-O Bg5+ 14.
Kb1 Rfd8 15. h4 Be7 16. Nf5 Bxf5 17. exf5 Rxd1+ 18. Nxd1 Rd8 19. Bd3 Rd4 20.
Nc3 Rxh4 21. Rxh4 Bxh4 22. Ne4 1/2-1/2

[Event "BL 8182 Erlangen-Solingen"]
[Site "?"]
[Date "1982.??.??"]
[Round "?.6"]
[White "Hommel, G."]
[Black "Borngaesser, R."]
[Result "1-0"]
[WhiteElo "2240"]
[BlackElo "2320"]
[PlyCount "81"]
[EventDate "1982.??.??"]

1. e4 e6 2. Qe2 c5 3. Nf3 Nc6 4. c3 Nf6 5. g3 d5 6. e5 Nd7 7. d3 Be7 8. Bg2 Qc7
9. Bf4 Nf8 10. Bd2 Ng6 11. d4 Bd7 12. O-O O-O 13. h4 cxd4 14. cxd4 f5 15. Nc3
Qb6 16. Qd3 Nb4 17. Qb1 Rfc8 18. Rc1 Be8 19. a3 Nc6 20. Na4 Qa6 21. Bf1 b5 22.
Nc3 Na5 23. b3 Qb6 24. Qb2 a6 25. Ne2 Nc6 26. Rc2 Rc7 27. Rac1 Rac8 28. Kg2 b4
29. a4 Na5 30. Rxc7 Rxc7 31. Rxc7 Qxc7 32. Nc1 Qb7 33. Qc2 Nc6 34. Nd3 Qa7 35.
Be3 Nf8 36. Nf4 g6 37. Qd3 a5 38. Qc2 Nd8 39. Nd3 Nd7 40. Be2 Qb7 41. Nf4 {ZÜ}
1-0

[Event "BL 8182 Markth'feld-Bochum"]
[Site "?"]
[Date "1982.??.??"]
[Round "?.1"]
[White "Schussler, H."]
[Black "Goehring, K."]
[Result "1/2-1/2"]
[WhiteElo "2495"]
[BlackElo "2320"]
[PlyCount "42"]
[EventDate "1982.??.??"]

1. d4 Nf6 2. c4 e6 3. Nf3 d5 4. Nc3 c5 5. cxd5 Nxd5 6. e3 Nc6 7. Bd3 Be7 8. O-O
cxd4 9. exd4 O-O 10. Re1 Nf6 11. a3 b6 12. Bc2 Ba6 13. Bg5 Rc8 14. h4 h6 15.
Bf4 Na5 16. Ne5 Nc4 17. Nxc4 Bxc4 18. Qd2 Nd5 19. Bxh6 Nxc3 20. bxc3 gxh6 21.
Qxh6 f5 1/2-1/2